Central Library OPAC University of Rajshahi
Normal view MARC view

Entry Topical Term

Number of records used in: 15

001 - CONTROL NUMBER

  • control field: 1172

003 - CONTROL NUMBER IDENTIFIER

  • control field: BD-RjUL

005 - DATE AND TIME OF LATEST TRANSACTION

  • control field: 20220206132319.0

008 - FIXED-LENGTH DATA ELEMENTS

  • fixed length control field: 220206|| aca||aabn | a|a d

040 ## - CATALOGING SOURCE

  • Original cataloging agency: BD-RjUL
  • Transcribing agency: BD-RjUL

150 ## - HEADING--TOPICAL TERM

  • Topical term or geographic name entry element: Bengali Drama
  • General subdivision: History & Criticism
  • Form subdivision: Liberation issues

670 ## - SOURCE DATA FOUND

  • Source citation: Work cat.: (BD-RjUL)79328: আলম, এ. কে. এম. রবিউল 1168, মুক্তিষুদ্ধ ও মমতাজ উদ্দীন আহমদের নাটক /, ২০১৩